000 00312nam a2200133Ia 4500
003 OSt
005 20240305142249.0
008 170523s9999 xx 000 0 und d
020 _a9350780402
040 _cIIMTU
100 _aKotpal- R L
245 0 _aModern text book of Zoology Invertebrates
942 _2ddc
_c02
999 _c11211
_d11211